| 000 | 01351nam a2200313 a 4500 | ||
|---|---|---|---|
| 001 | BRCA_56 | ||
| 005 | 20190320202851.0 | ||
| 008 | 020524s2005----mx-a#####b---s100-0#spa-# | ||
| 020 | _a9688595551 | ||
| 040 |
_aDLC _cDLC |
||
| 041 | _aspa | ||
| 044 | _amx | ||
| 050 | 4 |
_aN6559.C3 _b.H36 2005 |
|
| 100 | 1 |
_aHanhausen Cole, Margarita _9262 |
|
| 245 | 1 | 0 |
_aLa pintura y la palabra _bdos artistas jesuitas mexicanos : Gonzalo Carrasco, 1859-1936, Miguel Aguayo, 1934- _cMargarita Hanhausen Cole, Patricia Pérez Walters, Leonor Morales García, autoras ; Lourdes Cortina Lelo de Larrea, Pablo Gómez Gallardo Latapí, dirección y diseño editorial ; Pablo Gómez Gallardo Latapí, Francisco Macías Velasco, fotografía. |
| 260 |
_aCiudad de México _bUniversidad Iberoamericana _c2005 |
||
| 300 |
_a121 p. _bil. _c33 cm. |
||
| 500 | _aIncluye índice de imágenes | ||
| 504 | _aIncluye referencias bibliográficas | ||
| 600 | 1 | 4 |
_aCarrasco, Gonzalo _d1859-1936 _xCrítica e interpretación _9263 |
| 600 | 1 | 4 |
_aAguayo, Miguel _d1934- _xCrítica e interpretación _9264 |
| 650 | 1 | 4 |
_aPintores mexicanos _ySiglo XX _9265 |
| 650 | 1 | 4 |
_aArtistas jesuitas _zMéxico _9266 |
| 700 | 1 |
_aPérez Walters, Patricia _9267 |
|
| 700 | 1 |
_aMorales García, Leonor _9268 |
|
| 700 | 1 |
_aCarrasco, Gonzalo _d1859-1936 _9269 |
|
| 700 | 1 |
_aAguayo, Miguel _9270 |
|
| 942 |
_2lcc _cB |
||
| 999 |
_c56 _d56 |
||